00542nam a2200133 a 450000500170000000800410001702000180005805000260007610000230010224501940012526000560031930000180037565000150039320140412111300.0010329s19uu xx 00 eng d a0-8092-2968-4 aTR(GS 745.5bH46 1998 aHenderson, Roxanne aThe picture book of kid's craft and activities / :bmore than 200 terrific projects fully illustrated for easy reference /cRoxanne Henderson ; illustrated by Michael Brown and Cassio Lynm. aLincolnwood, Illinois :bContemporary Books,c1998. a255 p. ; ill. aHandicraft